00886nam a2200169Ia 4500008004100000020001500041050002200056100003600078245009500114250001800209260003300227300003500260500007900295505027300374650004100647700002800688120626s1990 mx a 000 0 spa d a9682436265 aQ180.2 bM85 1990 aMünch Galindo, Lourdeseautor aMétodos y técnicas de investigación c/ Lourdes, Münch Galindo: Ernesto, Ángeles a2a. edición aMéxico b: Trillasc, 1990 a166 páginasb: ilustraciones aIncluye: Indice de contenido, Introducción, Glosario, Indice analítico aEl método científico El proceso de investigación científica Definición del problema Recopilación de información El marco teórico La hipótesis El muestreo Procesamiento y análisis de la información Presentación de los resultados  0aMETODOLOGÍA DE LA INVESTIGACIÓN  aAngeles, Ernestoeautor